| 000 | 00332nam a22001337a 4500 | ||
|---|---|---|---|
| 003 | LRUA | ||
| 005 | 20231019212236.0 | ||
| 008 | 231019b xxu||||| |||| 00| 0 eng d | ||
| 040 | _cRUA | ||
| 082 | _2HDO TRO 2013 C336 Or. | ||
| 245 | _aTROPICAL BROILER CHICKEN MANAGEMENT GUIDE | ||
| 260 |
_aPhnom Penh _bRUA _c2013 |
||
| 942 |
_2ddc _cEK |
||
| 999 |
_c22037 _d22037 |
||